000 00273nam a2200121Ia 4500
005 20251222154408.0
008 251222s9999||||xx |||||||||||||| ||spa||
020 _a84-8130-116-7
082 _a891.74/N11
100 _a"Nabokov, Vladimir"
245 0 _aLolita
942 _cLIB
999 _c35549
_d35549